| 000 | 00565nam a22001817a 4500 | ||
|---|---|---|---|
| 003 | OSt | ||
| 005 | 20231026170046.0 | ||
| 008 | 221021b |||||||| |||| 00| 0 eng d | ||
| 020 | _a9962-8842-0-9 | ||
| 040 | _cBiblioteca LadoV | ||
| 082 |
_a700.74 _bK96b |
||
| 100 |
_9193 _aKupfer, Monica E. _eeditora |
||
| 245 | _aVI Bienal de arte de Panama/ | ||
| 260 |
_aPanama _bMuseo de Arte Contemporaneo _c2002 |
||
| 300 |
_a120p. _c23x26cm |
||
| 650 |
_2Tesauro de Arte & Arquitectura _aARTE CONTEMPORANEO-PANAMA |
||
| 942 |
_2ddc _c1 _h700.74 _iK96b _n0 |
||
| 999 |
_c2350 _d2350 |
||